000 00316pab a2200145 454500
008 180718b2016 xxu||||| |||| 00| 0 eng d
100 _aModi, Anju
245 _aReinventing textile trends
260 _c2016
300 _ap.79-80.
362 _aOct
650 _aTextiles
773 _aYojana
909 _a112459
999 _c112454
_d112454